Countries with most Refugees - Statistics

General Stats
  • This quiz has been taken 73 times
  • The average score is 6 of 10
Answer Stats
Number of refugees Country % Correct
3,568,300 Turkey
88%
2,075,500 Germany
83%
1,277,700 Russia
74%
3,425,100 Iran
71%
1,743,800 Pakistan
60%
971,100 Poland
57%
1,097,100 Sudan
46%
2,455,500 Colombia
42%
1,463,500 Uganda
20%
976,400 Peru
18%
No matching quizzes found
Score Distribution
Percent of People with Each Score
Percentile by Number Answered
Your Score History
You have not taken this quiz